[Event "Titled Tue 27th May Early"]
[Site "chess.com INT"]
[Date "2025.05.27"]
[Round "7"]
[White "Ahmad, Khagan"]
[Black "Sonis, Francesco"]
[Result "1/2-1/2"]
[WhiteTitle "IM"]
[BlackTitle "GM"]
[WhiteElo "2405"]
[BlackElo "2570"]
[WhiteFideId "13431552"]
[BlackFideId "895733"]
[EventDate "2025.05.27"]

1. e4 e5 2. Nf3 Nc6 3. Bb5 Nf6 4. O-O Nxe4 5. Re1 Nd6 6. a4 Be7 7. Nc3 O-O 8. d4
e4 9. Nxe4 Nxe4 10. Rxe4 d5 11. Re3 Bd6 12. h3 Ne7 13. c3 Ng6 14. a5 Qf6 15. Re1
h6 16. a6 bxa6 17. Bf1 Rb8 18. b4 Rb6 19. Ra5 Be6 20. Bxa6 Rc6 21. Ra3 Nf4 22.
Bxf4 Qxf4 23. Bb5 Rb6 24. Bf1 Ra8 25. Ra5 c6 26. Qd2 Qf6 27. Ne5 Qd8 28. Rea1
Qc7 29. Nf3 Rbb8 30. Bd3 Re8 31. Qa2 Re7 32. Ra6 Bc8 33. Ra5 Be6 34. Qc2 Qd7 35.
Qd1 Bxh3 36. gxh3 Qxh3 37. Bf1 Qg4+ 38. Bg2 Qf4 39. Ra6 Re6 40. Rxc6 Rg6 41. Ne5
Rf6 42. Qf3 Bxe5 43. Rxf6 Qh2+ 44. Kf1 Bxf6 45. Qxd5 Rc8 46. Rxa7 Rf8 47. Ra8 g6
48. Rxf8+ Kxf8 49. b5 Qf4 50. Qe4 Qd2 51. Qe3 Qd1+ 52. Qe1 Qd3+ 53. Kg1 Qxb5 54.
d5 Qc5 55. Qd2 Kg7 56. d6 Bxc3 57. Qd3 Bd4 58. d7 Qd6 59. Qb5 Bf6 60. Qd5 Qc7
61. Qd1 Qd8 62. Bf3 Qe7 63. Kg2 Qd8 64. Qd5 Be7 65. Bd1 Qb6 66. Bb3 Qf6 67. Qe4
h5 68. Qd5 Bd8 69. Qe4 Bb6 70. Qe2 h4 71. Qf3 h3+ 72. Kg3 Bc7+ 73. Kg4 Qxf3+ 74.
Kxf3 f5 75. Bd5 g5 76. Be6 Kf6 77. Bd5 g4+ 78. Ke2 Ke5 79. Bb7 f4 80. Kf1 f3 81.
Kg1 Kf4 82. Kh1 Kg5 83. Bc6 Kh4 84. Bb7 Bd8 85. Kg1 Kg5 86. Kh1 Kf4 87. Ba8 Ke5
88. Bc6 g3 89. fxg3 f2 90. Bb5 Ke4 91. Bf1 Kf3 92. Kh2 Ke3 93. Kxh3 Kd2 94. g4
Ke1 95. Bg2 Ke2 96. Kg3 Ke3 97. Bf1 Bg5 98. Kh3 Kf3 99. Ba6 Ke3 100. Kg2 Bd8
101. Kf1 Be7 102. Be2 Bd8 103. Bc4 Be7 104. Be6 Bd8 105. Bf5 Be7 106. Kg2 Bd8
107. Be6 Be7 108. Bc4 Bd8 109. Bb5 Be7 110. Kg3 Bd8 111. g5 Bxg5 112. Kg2 Bd8
113. Kf1 Be7 1/2-1/2

[Event "Titled Tue 27th May Early"]
[Site "chess.com INT"]
[Date "2025.05.27"]
[Round "7"]
[White "Jval Saurin Patel"]
[Black "Kakavand, Ramtin"]
[Result "0-1"]
[WhiteTitle "FM"]
[BlackTitle "FM"]
[WhiteElo "2334"]
[BlackElo "2179"]
[WhiteFideId "25968343"]
[BlackFideId "32790597"]
[EventDate "2025.05.27"]

1. b3 e5 2. Bb2 Nc6 3. e3 d5 4. Bb5 Ne7 5. Nf3 e4 6. Ne5 a6 7. Bxc6+ bxc6 8. Qh5
Be6 9. f4 g6 10. Ng4 Nf5 11. Qg5 Qxg5 12. fxg5 Bg7 13. Bxg7 Nxg7 14. Ne5 Ke7 15.
Nxc6+ Kd6 16. Nd4 c5 17. Ne2 h6 18. gxh6 Rxh6 19. Nbc3 g5 20. O-O-O Ke5 21. d4+
cxd4 22. Nxd4 Rc8 23. Kb2 Rhh8 24. h3 Rc7 25. Na4 Rhc8 26. b4 Rb8 27. a3 a5 28.
c3 Rbc8 29. Rhf1 Ne8 30. Nb3 axb4 31. axb4 Nd6 32. Na5 Nb5 33. Nc5 Rb8 34. Nab3
Nd6 35. Rfe1 Nc4+ 36. Kc2 Na3+ 37. Kd2 Nc4+ 38. Ke2 Ra7 39. Ra1 Rba8 40. Rxa7
Rxa7 41. Kf2 Ra2+ 42. Kg3 Rc2 43. b5 Rxc3 44. Kf2 Rc2+ 45. Re2 Rc3 46. Nd4 Rd3
47. Nxd3+ exd3 48. Ra2 d2 49. Nf3+ Kd6 50. Nxd2 Ne5 51. Nf3 Nd3+ 52. Ke2 Nc1+
53. Kd2 Nxa2 54. Nxg5 Nb4 55. h4 Bf5 56. h5 f6 57. Nf7+ Ke7 58. Nh6 Be4 59. g4
Ke6 60. Kc3 Na2+ 61. Kd4 Nc1 62. Kc5 Nd3+ 63. Kd4 Ne5 64. b6 Kd6 65. b7 Kc7 66.
Ng8 Nxg4 67. h6 Kxb7 68. Ne7 Nxh6 69. Nxd5 f5 70. Nf6 Bb1 71. Ke5 Nf7+ 72. Kf4
Nd6 73. Nd5 Kc6 74. Ne7+ Kd7 75. Ng6 Ke6 76. Ne5 Ne4 77. Nf3 Nf2 78. Nd4+ Kf6
79. Nf3 Be4 80. Nd4 Nd3+ 81. Kg3 Kg5 82. Ne6+ Kg6 83. Nd4 Ne5 84. Ne2 Kg5 85.
Nf4 Ng4 86. Nh3+ Kh5 87. Kf4 Kg6 88. Ng5 Ne5 89. Nxe4 Nd3+ 90. Kf3 Ne1+ 91. Ke2
fxe4 92. Kxe1 Kg5 93. Kf2 Kh4 94. Kg2 Kg4 95. Kf2 Kh3 96. Kf1 Kg3 97. Ke2 Kg2
98. Ke1 Kf3 99. Kd2 Kf2 100. Kd1 Kxe3 101. Ke1 Kd3 102. Kd1 e3 0-1

[Event "Titled Tue 27th May Early"]
[Site "chess.com INT"]
[Date "2025.05.27"]
[Round "8"]
[White "Nouali, Mohamed"]
[Black "Maglioni, Leonardo"]
[Result "1-0"]
[WhiteTitle "FM"]
[WhiteElo "2157"]
[BlackElo "2069"]
[WhiteFideId "5502462"]
[BlackFideId "2896830"]
[EventDate "2025.05.27"]

1. e4 e5 2. Bc4 Nc6 3. Nc3 Nf6 4. d3 Bb4 5. Ne2 O-O 6. O-O Na5 7. Ng3 d6 8. Bb3
Nxb3 9. axb3 Bxc3 10. bxc3 h6 11. f4 Bg4 12. Qe1 Bd7 13. fxe5 dxe5 14. Nf5 Bxf5
15. Rxf5 Re8 16. Qg3 Qd6 17. Bxh6 Nh5 18. Rxh5 1-0

[Event "Titled Tue 27th May Early"]
[Site "chess.com INT"]
[Date "2025.05.27"]
[Round "8"]
[White "Azizoglu, Ferzan"]
[Black "Ristic, Nebojsa M"]
[Result "0-1"]
[BlackTitle "IM"]
[WhiteElo "2055"]
[BlackElo "2248"]
[WhiteFideId "6302726"]
[BlackFideId "900850"]
[EventDate "2025.05.27"]

1. Nf3 Nf6 2. g3 g6 3. Bg2 Bg7 4. O-O O-O 5. d4 d6 6. c4 c5 7. Nc3 Nc6 8. dxc5
dxc5 9. Be3 Be6 10. Qa4 Qb6 11. Qb5 Nd7 12. Ng5 Nd4 13. Bxd4 cxd4 14. Nxe6 dxc3
15. bxc3 Qxe6 0-1

[Event "Titled Tue 27th May Early"]
[Site "chess.com INT"]
[Date "2025.05.27"]
[Round "8"]
[White "Bozorov, Javohir"]
[Black "Sava, Robert-Gabriel"]
[Result "0-1"]
[WhiteTitle "FM"]
[BlackTitle "CM"]
[WhiteElo "2093"]
[BlackElo "2155"]
[WhiteFideId "14216957"]
[BlackFideId "1265725"]
[EventDate "2025.05.27"]

1. d4 d5 2. Nf3 c6 3. Bf4 Nf6 4. Nbd2 Bf5 5. e3 e6 6. Bd3 Bxd3 7. cxd3 Bd6 8.
Bg3 O-O 9. Qb3 Bxg3 10. hxg3 Qb6 11. Qc2 Nbd7 12. e4 dxe4 13. dxe4 e5 14. dxe5
Ng4 15. e6 Qxf2+ 16. Kd1 Ne3+ 17. Kc1 Nxc2 18. Kxc2 fxe6 19. Raf1 Qxg3 20. Nd4 0-1

[Event "Titled Tue 27th May Early"]
[Site "chess.com INT"]
[Date "2025.05.27"]
[Round "8"]
[White "Golubova, Anna"]
[Black "Ramsdal, Jens Albert"]
[Result "0-1"]
[WhiteTitle "WIM"]
[BlackTitle "FM"]
[WhiteElo "2112"]
[BlackElo "2351"]
[WhiteFideId "24173606"]
[BlackFideId "1429221"]
[EventDate "2025.05.27"]

1. d4 Nf6 2. Nf3 c5 3. g3 cxd4 4. Nxd4 d5 5. Bg2 e5 6. Nb3 Nc6 7. O-O Be6 8. Nc3
Bb4 9. Bg5 Bxc3 10. bxc3 O-O 11. Bxf6 Qxf6 12. Bxd5 Bxd5 13. Qxd5 Rac8 14. Rad1
e4 15. Qxe4 Qxc3 16. Qd3 Nb4 17. Rd2 Nxd3 0-1

[Event "Titled Tue 27th May Early"]
[Site "chess.com INT"]
[Date "2025.05.27"]
[Round "8"]
[White "Karas, Eugenia"]
[Black "Lee, Kyungseok"]
[Result "1-0"]
[WhiteTitle "WFM"]
[BlackTitle "CM"]
[WhiteElo "2124"]
[BlackElo "2072"]
[WhiteFideId "463485"]
[BlackFideId "13202154"]
[EventDate "2025.05.27"]

1. Nf3 d5 2. b3 Bg4 3. Bb2 Bxf3 4. exf3 e6 5. d4 Nf6 6. Bd3 Be7 7. O-O O-O 8.
Nd2 Nbd7 9. c4 c5 10. cxd5 Nxd5 11. Ne4 Rc8 12. dxc5 Nxc5 13. Nxc5 Bxc5 14. Be4
Rc7 15. Qd3 h6 16. Bxd5 Rd7 17. Qc3 1-0

[Event "Titled Tue 27th May Early"]
[Site "chess.com INT"]
[Date "2025.05.27"]
[Round "8"]
[White "Madi, Aidana"]
[Black "Onur, Cigdem"]
[Result "1-0"]
[WhiteTitle "WFM"]
[BlackTitle "WCM"]
[WhiteElo "1855"]
[BlackElo "1966"]
[WhiteFideId "13722689"]
[BlackFideId "6346030"]
[EventDate "2025.05.27"]

1. e4 c5 2. d4 cxd4 3. c3 dxc3 4. Nxc3 Nc6 5. Nf3 g6 6. Bc4 Bg7 7. e5 Nxe5 8.
Nxe5 Bxe5 9. Bxf7+ Kxf7 10. Qd5+ e6 11. Qxe5 Qf6 12. Qg3 Ne7 13. Bg5 Qf5 14. O-O
d5 15. Nb5 Kf8 16. Nd6 Qc2 17. Qe5 1-0

[Event "Titled Tue 27th May Early"]
[Site "chess.com INT"]
[Date "2025.05.27"]
[Round "8"]
[White "Toncheva, Nadya"]
[Black "Butti, Enrique"]
[Result "1-0"]
[WhiteTitle "FM"]
[BlackTitle "CM"]
[WhiteElo "2332"]
[BlackElo "1998"]
[WhiteFideId "2924056"]
[BlackFideId "3700470"]
[EventDate "2025.05.27"]

1. e4 c5 2. Nf3 d6 3. Bb5+ Bd7 4. c4 Nc6 5. O-O e5 6. Nc3 g6 7. d3 Bg7 8. h3
Nge7 9. Bxc6 Bxc6 10. Bg5 O-O 11. Ne1 f6 12. Bh4 g5 13. Bg3 f5 14. Qh5 f4 15.
Bh2 Ng6 16. Nf3 Bf6 17. Kh1 Rf7 18. g3 Rg7 19. Rg1 Be8 20. Nd5 Nh4 21. Qxe8+
Qxe8 22. Nxf6+ Kf7 23. Nxe8 Nxf3 24. Nxg7 Nxg1 25. Nf5 Nf3 26. gxf4 exf4 27. h4 1-0

[Event "Titled Tue 27th May Early"]
[Site "chess.com INT"]
[Date "2025.05.27"]
[Round "8"]
[White "Boramanikar, Tanisha S"]
[Black "Hambardzumian, Yuri"]
[Result "1-0"]
[WhiteTitle "WCM"]
[BlackTitle "IM"]
[WhiteElo "1743"]
[BlackElo "2301"]
[WhiteFideId "35023454"]
[BlackFideId "13302795"]
[EventDate "2025.05.27"]

1. e4 c5 2. Nf3 d6 3. Bb5+ Bd7 4. Bxd7+ Qxd7 5. O-O Nf6 6. Qe2 Nc6 7. c3 e6 8.
d4 cxd4 9. cxd4 Be7 10. Rd1 O-O 11. Nc3 a6 12. Bf4 b5 13. Rac1 Rac8 14. e5 Nh5
15. Be3 dxe5 16. dxe5 Qb7 17. g4 b4 18. Na4 Nxe5 19. Nxe5 Nf6 20. Nb6 Rxc1 21.
Rxc1 Qe4 22. Nbc4 Nd5 23. Qf3 Qg6 24. Nxg6 1-0

[Event "Titled Tue 27th May Early"]
[Site "chess.com INT"]
[Date "2025.05.27"]
[Round "8"]
[White "Pournami S"]
[Black "Souza dos Santos, Matheus Garcett"]
[Result "1-0"]
[WhiteTitle "WCM"]
[WhiteElo "1782"]
[BlackElo "1981"]
[WhiteFideId "25732439"]
[BlackFideId "2144492"]
[EventDate "2025.05.27"]

1. e4 c5 2. Nf3 d6 3. d4 cxd4 4. Nxd4 Nf6 5. Nc3 a6 6. Bg5 e6 7. f4 h6 8. Bh4
Qb6 9. Qd2 Qxb2 10. Rb1 Qa3 11. Rb3 Qa5 12. Bf2 Nc6 13. Be2 Nxd4 14. Bxd4 Be7
15. Bb6 Nxe4 16. Nxe4 Qf5 17. Nxd6+ Kf8 18. Nxf5 1-0

[Event "Titled Tue 27th May Early"]
[Site "chess.com INT"]
[Date "2025.05.27"]
[Round "8"]
[White "Fragkos, Vasileios"]
[Black "Nayak, Rajesh"]
[Result "1-0"]
[WhiteTitle "CM"]
[BlackTitle "FM"]
[WhiteElo "2176"]
[BlackElo "2286"]
[WhiteFideId "25832646"]
[BlackFideId "35017152"]
[EventDate "2025.05.27"]

1. f4 b6 2. Nf3 Bb7 3. e3 e6 4. b3 Nf6 5. Bb2 Be7 6. Bd3 d5 7. O-O c5 8. Ne5 Nc6
9. Nxc6 Bxc6 10. Nc3 Qd7 11. Ne2 h5 12. f5 O-O-O 13. fxe6 fxe6 14. Nf4 Kb8 15.
Ng6 Rh6 16. Ne5 Qe8 17. a4 Bd6 18. a5 Bb7 19. axb6 axb6 20. h3 Ng4 21. hxg4 hxg4
22. Qxg4 Qh8 23. Nf7 Rh1+ 24. Kf2 Rxf1+ 25. Rxf1 Rf8 26. Ke2 Rxf7 27. Rxf7 d4
28. Be4 Bxe4 29. Qxe4 Qh5+ 30. Qf3 1-0

[Event "Titled Tue 27th May Early"]
[Site "chess.com INT"]
[Date "2025.05.27"]
[Round "8"]
[White "Gubatayev, Ahmet"]
[Black "Kiran, Manisha Mohanty"]
[Result "1-0"]
[WhiteTitle "CM"]
[BlackTitle "WGM"]
[WhiteElo "2191"]
[BlackElo "2031"]
[WhiteFideId "14004526"]
[BlackFideId "5019575"]
[EventDate "2025.05.27"]

1. Nf3 Nf6 2. d4 g6 3. g3 Bg7 4. Bg2 O-O 5. O-O d5 6. c4 c6 7. cxd5 cxd5 8. Nc3
Nc6 9. Ne5 Be6 10. Nxc6 bxc6 11. Na4 Rc8 12. b3 Nd7 13. Ba3 Re8 14. Rc1 Bf5 15.
Nc5 e5 16. Nb7 Qb6 17. Nd6 exd4 18. Nxc8 Rxc8 19. Qd2 Re8 20. Rfe1 Be4 21. e3
Bh6 22. Bb2 dxe3 23. fxe3 Bxg2 24. Kxg2 Rxe3 25. Qd4 Qxd4 26. Bxd4 Rxe1 27. Rxe1
Kf8 28. Bxa7 c5 29. Rd1 d4 30. b4 cxb4 31. Rxd4 Ne5 32. Rxb4 Nc6 33. Bc5+ Kg7
34. Rb6 1-0

[Event "Titled Tue 27th May Early"]
[Site "chess.com INT"]
[Date "2025.05.27"]
[Round "8"]
[White "Shubenkova, Veronika"]
[Black "Krzywda, Andrzej"]
[Result "1/2-1/2"]
[WhiteTitle "WFM"]
[BlackTitle "CM"]
[WhiteElo "2024"]
[BlackElo "2175"]
[WhiteFideId "44124040"]
[BlackFideId "1114565"]
[EventDate "2025.05.27"]

1. d4 d5 2. e3 Nf6 3. f4 g6 4. Nf3 Bg7 5. c3 O-O 6. Bd3 b6 7. Qe2 c5 8. Nbd2 a5
9. Ne5 Qc7 10. O-O Ba6 11. Bxa6 Nxa6 12. a3 e6 13. Qd3 Rfd8 14. b3 cxd4 15. exd4
Ne4 16. Bb2 Nxd2 17. Qxd2 Rac8 18. b4 Nb8 19. b5 Nd7 20. a4 Nxe5 21. fxe5 Qc4
22. Rf3 Rd7 23. h4 h5 24. Qf2 Rcc7 25. Kh2 Qb3 26. Kh3 Rc4 27. Rf1 Rcc7 28. Ra1
Rc4 29. Ra3 Qd1 30. Ra1 Qb3 1/2-1/2

[Event "Titled Tue 27th May Early"]
[Site "chess.com INT"]
[Date "2025.05.27"]
[Round "8"]
[White "Harshit, Ranjan Sahu"]
[Black "Vykouk, Jan"]
[Result "0-1"]
[WhiteTitle "CM"]
[BlackTitle "IM"]
[WhiteElo "2214"]
[BlackElo "2496"]
[WhiteFideId "25638815"]
[BlackFideId "349658"]
[EventDate "2025.05.27"]

1. e4 c5 2. Nc3 Nc6 3. f4 g6 4. Nf3 Bg7 5. Bc4 e6 6. O-O Nge7 7. d3 d5 8. Bb3
O-O 9. Qe1 Nd4 10. Nxd4 cxd4 11. Nd1 b5 12. a4 bxa4 13. Rxa4 dxe4 14. dxe4 Bb7
15. Nf2 Bc6 16. Ra5 Qb6 17. Bd2 Bb5 18. Bb4 Bxf1 19. Bxe7 Bb5 20. Bxf8 Bxf8 21.
Ra1 d3 22. cxd3 Bxd3 23. Bd1 Bb4 24. Qxb4 Qxb4 25. Nxd3 Qd4+ 26. Nf2 Qxb2 27.
Ra6 Qb5 28. Ra4 a5 29. g3 Rd8 30. Ra1 Rd2 0-1

[Event "Titled Tue 27th May Early"]
[Site "chess.com INT"]
[Date "2025.05.27"]
[Round "8"]
[White "Beniosev, Daniel"]
[Black "Mafra, Kaiser Luiz"]
[Result "1-0"]
[WhiteTitle "CM"]
[BlackTitle "CM"]
[WhiteElo "2010"]
[BlackElo "2094"]
[WhiteFideId "11632674"]
[BlackFideId "2106698"]
[EventDate "2025.05.27"]

1. e4 c5 2. Nc3 e6 3. g3 d5 4. exd5 exd5 5. d3 Be6 6. Bg2 d4 7. Ne4 Nc6 8. Ne2
Nf6 9. Bg5 Be7 10. Bxf6 gxf6 11. O-O f5 12. Nd2 h5 13. Nf4 h4 14. Re1 Qd7 15.
Qe2 hxg3 16. hxg3 Rh6 17. a4 O-O-O 18. a5 a6 19. Nf3 Bd6 20. Qd2 Rdh8 21. Ng5
Bxf4 22. Qxf4 f6 23. Nxe6 Qh7 24. Kf1 Ne5 25. Nxc5 Rh2 26. Bxb7+ Kb8 27. Rxe5
fxe5 28. Qxe5+ Ka7 29. Qxd4 Rh1+ 30. Bxh1 Qxh1+ 31. Ke2 Re8+ 32. Ne6+ Kb7 33.
Qb6+ Kc8 34. Qc7# 1-0

[Event "Titled Tue 27th May Early"]
[Site "chess.com INT"]
[Date "2025.05.27"]
[Round "8"]
[White "Korchynskyi, Mykola"]
[Black "Aarit Kapil"]
[Result "1-0"]
[WhiteTitle "FM"]
[BlackTitle "CM"]
[WhiteElo "2325"]
[BlackElo "2098"]
[WhiteFideId "34138005"]
[BlackFideId "33408947"]
[EventDate "2025.05.27"]

1. d4 Nf6 2. c4 e6 3. Nf3 d5 4. Nc3 c6 5. Bf4 Be7 6. e3 O-O 7. Rc1 Nbd7 8. Bd3
Qb6 9. Qe2 Re8 10. O-O Nf8 11. Bg3 Ng6 12. Rfd1 a5 13. h4 Nh5 14. e4 Ngf4 15.
Bxf4 Nxf4 16. Qe3 Nxd3 17. Qxd3 dxc4 18. Qxc4 Qxb2 19. Rb1 Qa3 20. e5 Bf8 21.
Ne4 Qe7 22. Qc2 h6 23. g4 Rd8 24. g5 h5 25. Nf6+ gxf6 26. gxf6 Qa3 27. Ng5 Bg7
28. Qh7+ Kf8 29. Qxg7+ Ke8 30. Qxf7# 1-0

[Event "Titled Tue 27th May Early"]
[Site "chess.com INT"]
[Date "2025.05.27"]
[Round "8"]
[White "Naranjo Moreno, Antonio"]
[Black "Ivashentseva, Dominika"]
[Result "1-0"]
[WhiteTitle "FM"]
[BlackTitle "WCM"]
[WhiteElo "2289"]
[BlackElo "1921"]
[WhiteFideId "2278626"]
[BlackFideId "34331050"]
[EventDate "2025.05.27"]

1. e4 c5 2. Nf3 d6 3. d4 cxd4 4. Nxd4 Nf6 5. Nc3 g6 6. Be3 Bg7 7. f3 O-O 8. Qd2
Nc6 9. O-O-O d5 10. h4 e5 11. Nxc6 bxc6 12. exd5 cxd5 13. Nxd5 Nxd5 14. Qxd5 Qc7
15. Qc5 Qb7 16. Bc4 e4 17. Bd4 Bh6+ 18. Kb1 Be6 19. Bxe6 fxe6 20. Qe5 Bg7 21.
Qxe6+ Kh8 22. Bxg7+ Qxg7 23. Rd7 Rae8 24. Qc6 Rf6 25. Qb7 Rb6 26. Rxg7 Rxb7 27.
Rxb7 e3 28. Re1 e2 29. Kc1 1-0

[Event "Titled Tue 27th May Early"]
[Site "chess.com INT"]
[Date "2025.05.27"]
[Round "8"]
[White "Hobaica, Juan Pablo"]
[Black "Kochavi, Dana"]
[Result "1-0"]
[WhiteTitle "IM"]
[BlackTitle "FM"]
[WhiteElo "2412"]
[BlackElo "2226"]
[WhiteFideId "104159"]
[BlackFideId "2837137"]
[EventDate "2025.05.27"]

1. e4 e5 2. Nc3 Nf6 3. g3 d5 4. exd5 Nxd5 5. Bg2 Be6 6. Nf3 Nc6 7. O-O Be7 8.
Re1 Nxc3 9. bxc3 Qd6 10. Rb1 O-O-O 11. d4 exd4 12. Nxd4 Bd5 13. Bf4 Qc5 14. Rb5
Qxc3 15. Rxd5 Nxd4 16. Rxe7 Ne6 17. Bh3 Rxd5 18. Qxd5 Qe1+ 19. Kg2 Rd8 20. Bxe6+
Qxe6 21. Rxc7+ Kb8 22. Qxd8+ Qc8 23. Qxc8# 1-0

[Event "Titled Tue 27th May Early"]
[Site "chess.com INT"]
[Date "2025.05.27"]
[Round "8"]
[White "Puzyrevsky, Semyon"]
[Black "Sychev, Klementy"]
[Result "0-1"]
[WhiteTitle "FM"]
[BlackTitle "GM"]
[WhiteElo "2253"]
[BlackElo "2542"]
[WhiteFideId "24240931"]
[BlackFideId "4114060"]
[EventDate "2025.05.27"]

1. Nf3 Nf6 2. b3 d5 3. Bb2 c5 4. e3 e6 5. c4 Nc6 6. cxd5 exd5 7. d4 cxd4 8. Nxd4
Bb4+ 9. Bc3 a5 10. Bb5 O-O 11. Bxc6 bxc6 12. Bxb4 axb4 13. Nxc6 Qd6 14. Nd4 Ba6
15. Nd2 Rfe8 16. N2f3 Ne4 17. Ne2 Nc3 18. Nxc3 bxc3 19. Rc1 Rac8 20. Rc2 Qg6 21.
g3 Qe4 22. Rg1 h6 23. g4 Bd3 24. Rc1 d4 25. Nxd4 Qxd4 26. Rg3 Qe4 27. Qf3 Qb4
28. Qd1 Red8 0-1

[Event "Titled Tue 27th May Early"]
[Site "chess.com INT"]
[Date "2025.05.27"]
[Round "8"]
[White "Karvatskyi, Oleksii"]
[Black "Bogaudinov, Rushan"]
[Result "1-0"]
[WhiteTitle "CM"]
[BlackTitle "FM"]
[WhiteElo "2248"]
[BlackElo "1912"]
[WhiteFideId "14191059"]
[BlackFideId "4129288"]
[EventDate "2025.05.27"]

1. Nc3 d5 2. e4 dxe4 3. Nxe4 e6 4. Nf3 Nf6 5. Nxf6+ Qxf6 6. d4 Qd8 7. Bd3 Be7 8.
O-O Nd7 9. Re1 Nf6 10. c3 O-O 11. Bf4 b6 12. Be5 Bb7 13. Ng5 h6 14. Nh3 c5 15.
Nf4 cxd4 16. cxd4 Bd6 17. Qe2 Bxe5 18. dxe5 Nd5 19. Qe4 f5 20. exf6 Rxf6 21.
Nxe6 Rxe6 22. Qxe6+ Kh8 23. Qe4 Kg8 24. Rad1 Qg5 25. Bc4 Rd8 26. h4 Qh5 27. Qe5 1-0

[Event "Titled Tue 27th May Early"]
[Site "chess.com INT"]
[Date "2025.05.27"]
[Round "8"]
[White "Dilmukhametov, Artur"]
[Black "Dovgaliuk, Oleksandr"]
[Result "1-0"]
[WhiteTitle "FM"]
[WhiteElo "2276"]
[BlackElo "2240"]
[WhiteFideId "24179922"]
[BlackFideId "14167247"]
[EventDate "2025.05.27"]

1. d4 Nf6 2. f3 d5 3. e4 dxe4 4. Nc3 c5 5. d5 exf3 6. Nxf3 e6 7. Bb5+ Bd7 8.
dxe6 fxe6 9. Qe2 Bxb5 10. Nxb5 Qd7 11. Ne5 Qe7 12. Bg5 Na6 13. O-O O-O-O 14. Bf4
b6 15. Nc6 Qd7 16. Rad1 Qxc6 17. Nxa7+ Kb7 18. Nxc6 1-0

[Event "Titled Tue 27th May Early"]
[Site "chess.com INT"]
[Date "2025.05.27"]
[Round "8"]
[White "Pavlov, Nikolay"]
[Black "Chiu, Isaac"]
[Result "1-0"]
[WhiteTitle "FM"]
[WhiteElo "2316"]
[BlackElo "2226"]
[WhiteFideId "24141470"]
[BlackFideId "30900654"]
[EventDate "2025.05.27"]

1. e4 e6 2. d4 d5 3. e5 c5 4. c3 Nc6 5. Nf3 Bd7 6. Be2 cxd4 7. cxd4 Nge7 8. Nc3
Nf5 9. O-O a6 10. Be3 h5 11. Bd3 g6 12. Bg5 Be7 13. Bxe7 Qxe7 14. Bxf5 gxf5 15.
Rc1 O-O-O 16. Na4 Kb8 17. Nc5 Rdg8 18. Qb3 Bc8 19. Nxa6+ Ka7 20. Nc5 h4 21. h3
Rh7 22. Kh1 Rhg7 23. Rg1 f6 24. Nd3 fxe5 25. Ndxe5 Nxe5 26. Nxe5 Rxg2 27. Rxg2
Rxg2 28. Rxc8 Qg5 29. Qa4+ Kb6 30. Nd7# 1-0

[Event "Titled Tue 27th May Early"]
[Site "chess.com INT"]
[Date "2025.05.27"]
[Round "8"]
[White "Le, Quang Liem"]
[Black "Hayrapetyan, Edgar"]
[Result "1-0"]
[WhiteTitle "GM"]
[BlackTitle "FM"]
[WhiteElo "2729"]
[BlackElo "2161"]
[WhiteFideId "12401137"]
[BlackFideId "13313568"]
[EventDate "2025.05.27"]

1. Nf3 Nf6 2. c4 e6 3. Nc3 d5 4. e3 c5 5. d4 Nc6 6. dxc5 Bxc5 7. a3 O-O 8. b4
Be7 9. Bb2 dxc4 10. Bxc4 a6 11. Bd3 b5 12. Ne4 Bb7 13. Qb1 h6 14. O-O Nd5 15.
Rc1 Rc8 16. Nc5 Bxc5 17. Rxc5 Nce7 18. Qc2 Rxc5 19. Qxc5 Qb6 20. Bd4 Qxc5 21.
Bxc5 Rd8 22. Nd4 Nc6 23. Nxc6 Bxc6 24. Bf1 f6 25. Rc1 Kf7 26. e4 Nxb4 27. axb4
Bxe4 28. f3 Bd5 29. Kf2 e5 30. Rd1 Ke6 31. g3 Rc8 32. Bh3+ f5 33. Bxf5+ Kxf5 34.
Rxd5 1-0

[Event "Titled Tue 27th May Early"]
[Site "chess.com INT"]
[Date "2025.05.27"]
[Round "8"]
[White "Sadey, Rinoa Mariel"]
[Black "Marynychenko, Yehor"]
[Result "0-1"]
[BlackTitle "CM"]
[WhiteElo "1760"]
[BlackElo "2183"]
[WhiteFideId "5255945"]
[BlackFideId "34160558"]
[EventDate "2025.05.27"]

1. d4 Nf6 2. Nf3 g6 3. c4 Bg7 4. Nc3 O-O 5. e4 d6 6. Be2 Nbd7 7. Be3 e5 8. O-O
exd4 9. Nxd4 Nc5 10. f3 Ne6 11. Qd2 a5 12. b3 Re8 13. Rfd1 Nh5 14. Rac1 Nhf4 15.
Ndb5 Nxe2+ 16. Qxe2 Bd7 17. Qd2 Bc6 18. Nd4 Nxd4 19. Bxd4 Qh4 20. Ne2 f5 21.
Bxg7 Kxg7 22. exf5 gxf5 23. Qd4+ Qf6 24. Qxf6+ Kxf6 25. Nd4 Re3 26. Re1 Rae8 27.
Rxe3 Rxe3 28. Kf2 Rd3 29. Nxc6 bxc6 30. Rc2 f4 31. Re2 d5 32. cxd5 cxd5 33. Rc2
Ke5 34. g3 c5 35. Ke2 Re3+ 36. Kf2 Rd3 37. Ke2 Kd4 38. Rxc5 Re3+ 39. Kf2 Kxc5
40. gxf4 Re8 41. f5 d4 42. f6 Rf8 43. Ke2 Rxf6 0-1

[Event "Titled Tue 27th May Early"]
[Site "chess.com INT"]
[Date "2025.05.27"]
[Round "8"]
[White "Thorhallsson, Simon"]
[Black "Horobetz, Graham"]
[Result "0-1"]
[WhiteTitle "FM"]
[WhiteElo "2218"]
[BlackElo "2250"]
[WhiteFideId "2310090"]
[BlackFideId "2047322"]
[EventDate "2025.05.27"]

1. Nf3 c5 2. g3 g6 3. Bg2 Bg7 4. O-O Nc6 5. c4 d6 6. Nc3 e5 7. d3 Nge7 8. Ne1
Be6 9. Nd5 Qd7 10. Nc2 O-O 11. Bh6 Bh3 12. Bxg7 Kxg7 13. Bxh3 Qxh3 14. Nxe7 Nxe7
15. e4 f5 16. f3 f4 17. g4 h5 18. gxh5 Rh8 19. Rf2 Rxh5 20. Qe2 Rah8 21. Kh1 Rg5
22. Rb1 Ng8 23. b4 b6 24. Rb3 Nf6 25. Ra3 Nh5 26. Rxa7+ Kf6 27. Rg2 Ng3+ 28.
Rxg3 fxg3 29. Ne3 g2+ 30. Qxg2 Rxg2 31. Nd5+ Kg5 32. f4+ exf4 0-1